Państwa równikowe – nagła śmierć - Statystyki

Ogólne statystyki
  • Ten quiz został rozwiązany 8 690 razy
  • Średni wynik to 5 z 11
Answers on the Grid
Answers color-coded by a green-red scale on the quiz's grid according to % correct below.
Argentyna
Australia
Boliwia
Brazylia
Chiny
Kolumbia
Demokratyczna Republika Konga
Ekwador
Gabon
Gwinea
Indie
Indonezja
Kenia
Malawi
Meksyk
Panama
Kongo
Samoa
Wyspy Świętego Tomasza i Książęca
Somalia
Republika Południowej Afryki
Uganda
Wietnam
Jemen
 
Statystyki odpowiedzi
Odpowiedź % Poprawnych
Brazylia
78%
Ekwador
61%
Demokratyczna Republika Konga
58%
Indonezja
48%
Kolumbia
44%
Kongo
37%
Gabon
35%
Kenia
34%
Wyspy Świętego Tomasza i Książęca
28%
Uganda
23%
Somalia
21%
Nie znaleziono quizów pasujących do podanych kryteriów
Rozkład punktacji
Procent ludzi z każdym wynikiem
Percentyl według liczby udzielonych odpowiedzi
Twoja historia wyników
Nie rozwiązałeś tego quizu